000 00397nam a2200169Ia 4500
001 13733
008 140402s9999 xx 000 0 und d
020 _a0-415-01066-7
040 _cPK-LaUMT
082 _a 306.01
_bBEN-P
100 _aBenjamin, Andrew, Ed.
245 4 _aThe problems of modernity
_cBenjamin, Andrew, Ed.
260 _c1989
300 _a220 p.
546 _aEN
942 _cBK
999 _c14384
_d14384